Deutsche Bundeskanzler - Statistiken

Allgemein
  • Dieses Quiz wurde 284 mal gespielt
  • Das Durchschnittsergebnis liegt bei 7 aus 9
Answers on the Grid
Answers color-coded by a green-red scale on the quiz's grid according to % correct below.
Konrad Adenauer
Ludwig Erhard
Kurt Georg Kiesinger
Willy Brandt
Helmut Schmidt
Helmut Kohl
Gerhard Schröder
Angela Merkel
Olaf Scholz
Frank-Walter Steinmeier
Joachim Gauck
Christian Wulff
Horst Köhler
Otto von Bismarck
Richard von Weizsäcker
Johannes Rau
Gustav Heinemann
Friedrich Ebert
Theodor Heuss
Markus Söder
Horst Seehofer
Franz von Papen
Heinrich Brüning
Paul von Hindenburg
Karl Dönitz
Armin Laschet
Martin Schulz
 
Antwortstatistiken
Antwort % Korrekt
Olaf Scholz
90%
Konrad Adenauer
89%
Angela Merkel
88%
Helmut Kohl
85%
Gerhard Schröder
84%
Willy Brandt
82%
Helmut Schmidt
79%
Kurt Georg Kiesinger
66%
Ludwig Erhard
64%
Keine übereinstimmenden Quizze gefunden
Verteilung der Resultate
Anzahl Personen mit jedem Resultat
Perzentil nach korrekt beantworteten Fragen
Ihre Resultats-Entwicklung
Sie haben dieses Quiz noch nicht gespielt